| 000 | 00383nam a2200145Ia 4500 | ||
|---|---|---|---|
| 008 | 230917s9999||||xx |||||||||||||| ||und|| | ||
| 040 |
_e40260 _aMAIN |
||
| 041 | _aEnglish | ||
| 082 | _a809.3 J238P | ||
| 100 | _aJameson, Fredric | ||
| 245 | 4 | _aThe political unconscious: narrative as a socially symbolic act | |
| 260 |
_aLondon _bMethuen _c1981 |
||
| 300 | _a305 p. | ||
| 942 | _cBK | ||
| 999 |
_c226898 _d226898 |
||